000 01070nam a22002537a 4500
005 20170124103120.0
010 _aB-037006
020 _c200.00
035 _aB-037006
037 _bCen Lib/Ret
040 _aDPL
_bHN
082 _a363.73
_bपराशर
100 _aपराशर, रीमा
_981699
245 _aप्रदूषण मुक्ति /
_cरीमा पराशर
246 _aPradooshan mukti /
_bby Reema Parashar
260 _aनई दिल्ली
_bरचना प्रकाशन
_c2001
270 _bनई दिल्ली
_aए-47, अमर कॉलोनी, लाजपत नगर
_e110024
300 _a136पृ. :
_c21सेमी(सजिल्द)
_bसचित्र
650 _aजनसंख्या नियंत्रण -- चुनौती
_981700
650 _aपर्यावरण -- मौसम
_981701
650 _aPopulation control - challenge
_981702
650 _aEnvironment - weather
_981703
942 _2ddc
_cHN
_h363.73
_mपराशर
999 _c118740
_d118740